Online katalóg knižníc regiónu Turca

Návrat domov (Record no. 22183)

MARC details
000 -LEADER
fixed length control field 00945nam a2200325 a 4500
001 - CONTROL NUMBER
control field 22183
003 - CONTROL NUMBER IDENTIFIER
control field VRT
005 - DATE AND TIME OF LATEST TRANSACTION
control field 20260321120402.0
008 - FIXED-LENGTH DATA ELEMENTS--GENERAL INFORMATION
fixed length control field 990927s1998 xo 000 1 slo c
020 ## - INTERNATIONAL STANDARD BOOK NUMBER
International Standard Book Number 8085218623 (viaz.)
035 ## - SYSTEM CONTROL NUMBER
System control number UKB000245277
039 #9 - LEVEL OF BIBLIOGRAPHIC CONTROL AND CODING DETAIL [OBSOLETE]
Level of rules in bibliographic description 201905031347
Level of effort used to assign nonsubject heading access points drlickoj
040 ## - CATALOGING SOURCE
Original cataloging agency BAA001
Language of cataloging slo
Transcribing agency BAA001
Description conventions AACR2
041 1# - LANGUAGE CODE
Language code of text/sound track or separate title slo
Language code of original eng
044 ## - COUNTRY OF PUBLISHING/PRODUCING ENTITY CODE
MARC country code xo
ISO country code SK
080 ## - UNIVERSAL DECIMAL CLASSIFICATION NUMBER
Universal Decimal Classification number 820(73)-31
100 1# - MAIN ENTRY--PERSONAL NAME
Personal name Steel, Danielle,
Dates associated with a name 1947-
245 00 - TITLE STATEMENT
Title Návrat domov
Statement of responsibility, etc. Danielle Steel ; [z amer. orig. prel. Tamara Chovanová]
250 ## - EDITION STATEMENT
Edition statement 1. vyd
260 ## - PUBLICATION, DISTRIBUTION, ETC.
Place of publication, distribution, etc. Bratislava
Name of publisher, distributor, etc. Remedium
Date of publication, distribution, etc. 1998
300 ## - PHYSICAL DESCRIPTION
Extent 352 s
653 ## - INDEX TERM--UNCONTROLLED
Uncontrolled term 820(73)-31
655 #7 - INDEX TERM--GENRE/FORM
Genre/form data or focus term americké romány
Source of term UKBPH
700 1# - ADDED ENTRY--PERSONAL NAME
Personal name Chovanová, Tamara
Relationship trl
765 0# - ORIGINAL LANGUAGE ENTRY
Title <<The>> long road home
Main entry heading Steel, Danielle, 1947-
910 ## - USER-OPTION DATA (OCLC)
User-option data ukb
942 ## - ADDED ENTRY ELEMENTS (KOHA)
Source of classification or shelving scheme Dewey Decimal Classification
Koha item type Krásna literatúra pre dospelých
Suppress in OPAC No
949 ## - LOCAL PROCESSING INFORMATION (OCLC)
6 1800058447
a SL.D.33668
b PV.6077-99
949 ## - LOCAL PROCESSING INFORMATION (OCLC)
6 1800058448
a SK.D.03834
b PV.6078-99
s 6707:20060716
Holdings
Stav vyradenia Strata Poškodenie Spôsob nadobudnutia Domovská knižnica Aktuálna knižnica Dátum nadobudnutia Total checkouts Čiarový kód exemplára Date last seen Typ exemplára
      Dar Obecná knižnica Horná Štubňa Obecná knižnica Horná Štubňa 21.03.2026   9788085218626 21.03.2026 Krásna literatúra pre dospelých
Projekt je podporený Slovenskou asociáciou knižníc
Prevádzkuje Turčianska knižnica Martin 2026